| LEADER | 02248nam a2200481 i 4500 | ||
|---|---|---|---|
| 001 | 310949 | ||
| 003 | CZ PrSKC | ||
| 005 | 20260601215657.0 | ||
| 007 | ta | ||
| 008 | 181008s2018 xr a e 000 h cze | ||
| 015 | |a cnb003044286 | ||
| 020 | |a 9788026421542 |q (vázáno) : |c Kč 123,00 | ||
| 035 | |a (OCoLC)1065772109 | ||
| 040 | |a BOA001 |b cze |e rda | ||
| 072 | 7 | |a 821-1/-8 |x Literatura různých forem a žánrů |2 Konspekt | |
| 080 | |a 821-36 |2 MRF | ||
| 080 | |a 316.323.72 |2 MRF | ||
| 080 | |a 329.15-051 |2 MRF | ||
| 080 | |a 82-7 |2 MRF | ||
| 080 | |a (0:82-36) |2 MRF | ||
| 100 | 1 | |a Nejedlý, Jan, |d 1971- |7 ola2003165587 |4 aut | |
| 245 | 1 | 0 | |a Anekdoty. |n 2, |p Soudruzi / |c Jan Nejedlý |
| 246 | 3 | 0 | |a Soudruzi |
| 250 | |a 1. vydání | ||
| 264 | 1 | |a Brno : |b CPress, |c 2018 | |
| 300 | |a 104 stran : |b ilustrace ; |c 18 cm | ||
| 336 | |a text |b txt |2 rdacontent | ||
| 337 | |a bez média |b n |2 rdamedia | ||
| 338 | |a svazek |b nc |2 rdacarrier | ||
| 520 | 2 | |a Útlá sbírka anekdot z dob socialistického Československa. |b Soubor desítek vtipů, jež kolovaly mezi lidem v dobách československého reálného socialismu, připomene pamětníkům dobu, v níž tyto anekdoty hrály nezastupitelnou úlevnou roli, mladším pak může náladu oné doby evokovat. Pro přehlednost jsou anekdoty rozčleněny do tématických kapitol, jako např. Veřejná bezpečnost, V kolchozu, Krátce z kultury či Americký agresor. | |
| 650 | 0 | 7 | |a komunismus |7 ph114959 |x humor |2 czenas |
| 650 | 0 | 7 | |a komunisté |7 ph121772 |x humor |2 czenas |
| 650 | 0 | 9 | |a communism |x humor |2 eczenas |
| 650 | 0 | 9 | |a communists |x humor |2 eczenas |
| 655 | 7 | |a anekdoty |7 fd131798 |2 czenas | |
| 655 | 9 | |a anecdotes |2 eczenas | |
| 900 | |a ABA001 |b 19 | ||
| 928 | 9 | |a Albatros Media - CPress | |
| 044 | |a xr | ||
| 787 | 0 | 8 | |g 2 |i Z cyklu: |t Anekdoty |
| 910 | |a RBIT002 | ||
| 998 | |d 179560 |a https://core.palmknihy.cz/api/books/179560/cover?pgdvhs |b https://core.palmknihy.cz/api/books/179560/cover/400?pgdvhs |c https://core.palmknihy.cz/api/books/179560/cover/50?pgdvhs |e 3999-12-31 |g 104 |i 9788026421542 |j https://core.palmknihy.cz/api/books/179560/preview.epub |k https://core.palmknihy.cz/api/books/179560/preview.pdf |l |q 49 |r 1 |s https://www.palmknihy.cz/kniha/179560 |t ebook |y 2018 |z 0 |v Anekdoty |w 2 | ||
| 999 | |d 310947 | ||